000 00360nam a2200145Ia 4500
005 20251222153533.0
008 251222s9999||||xx |||||||||||||| ||spa||
020 _a9786124048098
082 _a343.8/C34
100 _aCastillo Guzman, Jorge
245 0 _aCasuistica Tributaria-Contable-Laboral
250 _a1 era. ed.
264 _bTinco S.A
942 _cLIB
999 _c30174
_d30174